Múzeum Karola Plicku V Blatnici sprístupnili novú expozíciu

Podrobná bibliografia
Hlavný autor: (r) (Autor)
Médium: Článok
Jazyk:slovenčina
Fyzický popis:Obr. 1.
Predmet:

MARC

LEADER 00000nab a2200000 a 4500
001 vtls000328435
003 SK-MaSNL
005 20260303205307.0
008 111201c1988 xo 0 slo
015 |a SNBRB19rr/mm-uuuuu 
035 |a CL0328557 
040 |a SNKBUCL  |b slo  |c SNKBUCL  |e AACR2 
041 0 |a slo 
044 |a xo  |c SK 
080 |a 069.6.02:929  |2 1981 
080 |a 929  |2 1981 
080 |a 39  |2 1981 
080 |a 77  |2 1981 
080 |a 929 Plicka, Karel  |2 1981 
100 1 |a (r)  |4 aut  |9 636179 
245 1 0 |a Múzeum Karola Plicku  |b V Blatnici sprístupnili novú expozíciu  |c (r) 
300 |b Obr. 1. 
610 2 7 |a Múzeum Karola Plicku  |2 snkbucl  |9 36106 
651 7 |a 5306  |2 snkbucl  |9 893716 
655 7 |a články z novín a časopisov  |2 snkbucl  |9 267496 
773 0 |t Ľud  |g Roč. 41, č. 193 (17. 8. 1988), s. 4 
850 |a Slovenská národná knižnica v Martine  |a MTA001 
852 |a SNK  |b KIS3GCP 
958 |a RK 
992 |a RBX 
999 |c 2194629  |d 2196559